000 00244 a2200109 4500
001 79030
090 _c39524
_d39524
100 _aPAF
245 _aNavigation (AD And A&SD Courses)
260 _aPAF Base Masroor
_bPAF Press Masroor
_c2008
300 _a70p
942 _aCAENUST
999 _c314103
_d314103